[Event "III Open"]
[Site "Crema ITA"]
[Date "2001.09.08"]
[Round "4"]
[White "Poretti, Ennio"]
[Black "Poletti, Fausto"]
[Result "0-1"]
[WhiteElo "1671"]
[BlackElo "1797"]
[PlyCount "66"]
[EventDate "2001.09.07"]

1. e4 c5 2. Nf3 Nc6 3. d4 cxd4 4. Nxd4 Nf6 5. Nc3 e5 6. Ndb5 d6 7. Bg5 a6 8.
Na3 b5 9. Bxf6 gxf6 10. Nd5 f5 11. Bd3 Be6 12. c3 Bg7 13. Bc2 fxe4 14. Bxe4 O-O
15. O-O Rb8 16. Nc2 Kh8 17. Nce3 f5 18. Bc2 Qd7 19. Re1 b4 20. Rb1 bxc3 21.
Nxc3 Nd4 22. Ned5 Qf7 23. Ne3 Nxc2 24. Nxc2 d5 25. b3 d4 26. Ne2 f4 27. f3 Qg6
28. Nc1 Bf5 29. Rb2 d3 30. Na3 e4 31. fxe4 Bxb2 32. exf5 Rxf5 33. Nc4 f3 0-1

[Event "III Open"]
[Site "Crema ITA"]
[Date "2001.09.08"]
[Round "4"]
[White "Riva, Carlo"]
[Black "Brioschi, Camillo"]
[Result "0-1"]
[WhiteElo "1498"]
[BlackElo "1807"]
[PlyCount "90"]
[EventDate "2001.09.07"]

1. e4 e5 2. Nf3 Nc6 3. Bb5 a6 4. Bxc6 dxc6 5. d4 exd4 6. Qxd4 Qxd4 7. Nxd4 Bd7
8. Be3 O-O-O 9. Nc3 Nf6 10. f3 Be7 11. O-O-O h6 12. Nde2 Rhe8 13. Na4 b6 14.
Nxb6+ cxb6 15. Bxb6 Be6 16. Bxd8 Rxd8 17. Rxd8+ Kxd8 18. Rd1+ Kc7 19. a3 g6 20.
b4 Nd7 21. c3 Ne5 22. Nd4 Bd7 23. Nc2 Nc4 24. g3 Bf6 25. Rd3 Be6 26. f4 Be7 27.
h4 a5 28. Kb1 h5 29. Kc1 Bg4 30. Rd4 Be6 31. Kb1 a4 32. Kc1 Bd8 33. Rd1 Kc8 34.
Rf1 Bh3 35. Rh1 Bg4 36. Rf1 Bh3 37. Rh1 Bg2 38. Re1 Bb6 39. e5 Bd5 40. Re2 Bf3
41. Re1 Bg4 42. Rf1 Kc7 43. Kb1 Bf5 44. Kc1 Bxc2 45. Kxc2 Ne3+ 0-1

[Event "III Open"]
[Site "Crema ITA"]
[Date "2001.09.08"]
[Round "4"]
[White "Saccani, Ettore"]
[Black "Massa, Salvenrico"]
[Result "1-0"]
[WhiteElo "1540"]
[BlackElo "1840"]
[PlyCount "95"]
[EventDate "2001.09.07"]

1. e4 c6 2. d4 d5 3. Nc3 dxe4 4. Nxe4 Nf6 5. Ng3 Bg4 6. N1e2 Nh5 7. Nxh5 Bxh5
8. c3 Qb6 9. Qb3 Qxb3 10. axb3 Bxe2 11. Bxe2 e6 12. O-O Bd6 13. Be3 a6 14. c4
O-O 15. Rfd1 Nd7 16. Bf3 Nf6 17. Ra4 Rac8 18. b4 Rfd8 19. Kf1 h6 20. h3 g5 21.
g4 Bf8 22. b5 axb5 23. cxb5 cxb5 24. Ra5 b4 25. Bxb7 Rc7 26. Ra8 Rxa8 27. Bxa8
Rc8 28. Bb7 Rb8 29. Ba6 Rd8 30. Bc4 Nd5 31. Ke2 Kg7 32. Kd3 Be7 33. Bxd5 Rxd5
34. Kc4 Kg6 35. Bd2 Ra5 36. Rf1 Ra8 37. Rc1 h5 38. Kb3 f5 39. f3 Rd8 40. Rc4
hxg4 41. hxg4 Bf6 42. Be3 Be7 43. Rc6 Kf7 44. Rc7 Ke8 45. Rxe7+ Kxe7 46. Bxg5+
Kd7 47. Bxd8 Kxd8 48. gxf5 1-0

[Event "III Open"]
[Site "Crema ITA"]
[Date "2001.09.08"]
[Round "4"]
[White "Sartorio, Diego"]
[Black "Brunello, Sabino"]
[Result "0-1"]
[WhiteElo "1721"]
[BlackElo "1600"]
[PlyCount "48"]
[EventDate "2001.09.07"]

1. e4 e5 2. Nf3 Nc6 3. d4 exd4 4. Nxd4 Bc5 5. Be3 Qf6 6. c3 Nge7 7. Bc4 O-O 8.
O-O Ne5 9. Be2 d5 10. Nd2 Bb6 11. Nc2 dxe4 12. Nxe4 Qg6 13. Ng3 Nf5 14. Bxb6
Qxb6 15. Nxf5 Bxf5 16. Nd4 Be4 17. f3 Bd5 18. Qc1 Rfe8 19. Kh1 Bc4 20. Bxc4
Nxc4 21. Nf5 Ne3 22. Nxe3 Rxe3 23. Qd2 Rae8 24. Rfe1 Qxb2 0-1

[Event "III Open"]
[Site "Crema ITA"]
[Date "2001.09.08"]
[Round "4"]
[White "Scarpellini, Felice"]
[Black "Cappa, Enrico"]
[Result "0-1"]
[WhiteElo "1648"]
[BlackElo "1470"]
[PlyCount "102"]
[EventDate "2001.09.07"]

1. c4 Nf6 2. Nc3 e6 3. g3 Bb4 4. Bg2 O-O 5. Nf3 d5 6. cxd5 exd5 7. d4 Nc6 8.
O-O Re8 9. Qc2 Bg4 10. e3 Qd7 11. a3 Bxc3 12. Qxc3 Ne4 13. Qc2 Re7 14. b4 Rae8
15. b5 Na5 16. Ne5 Qxb5 17. Nxg4 f6 18. f3 Nd6 19. Bd2 Nac4 20. Rfe1 Qb2 21.
Qxb2 Nxb2 22. Nf2 Nbc4 23. Bc1 Nxe3 24. Bxe3 Rxe3 25. Rxe3 Rxe3 26. a4 Rc3 27.
f4 c6 28. Bf1 Re3 29. a5 Nf5 30. Ra4 h6 31. Bh3 Re1+ 32. Kg2 Ne3+ 33. Kf3 Nc2
34. Bc8 Re3+ 35. Kg2 Rb3 36. Kf1 Ne3+ 37. Ke2 Nc4 38. Nd3 Rxd3 39. Kxd3 Nb2+
40. Kc3 Nxa4+ 41. Kb3 b5 42. axb6 Nxb6 43. Bb7 a5 44. Bxc6 Kf7 45. g4 f5 46. h3
fxg4 47. hxg4 Kf6 48. Bb5 h5 49. gxh5 Kf5 50. Bd3+ Kxf4 51. Bb1 Ke3 0-1

[Event "III Open"]
[Site "Crema ITA"]
[Date "2001.09.08"]
[Round "4"]
[White "Schingaro, Angelo"]
[Black "Bosi, Roberto"]
[Result "1-0"]
[WhiteElo "1573"]
[BlackElo "1434"]
[PlyCount "86"]
[EventDate "2001.09.07"]

1. Nf3 Nf6 2. d4 d6 3. c4 g6 4. g3 Bg7 5. Bg2 O-O 6. Nc3 c5 7. d5 Qc7 8. O-O a6
9. Rb1 e6 10. e4 exd5 11. exd5 Nbd7 12. Nd2 Ne5 13. b3 Bf5 14. Nde4 Qd7 15. Re1
b5 16. Bg5 Nxe4 17. Nxe4 Bxe4 18. Rxe4 Rfe8 19. Rc1 Qf5 20. Bf4 Ng4 21. Rxe8+
Rxe8 22. Bh3 h5 23. f3 Bd4+ 24. Kg2 Qxf4 25. Bxg4 Qe3 26. Bd7 Qf2+ 27. Kh3 Re2
28. Qh1 Rxa2 29. cxb5 axb5 30. Bxb5 f5 31. Rf1 Qb2 32. Bc4 g5 33. f4 g4+ 34.
Kh4 Bf6+ 35. Kxh5 Qxh2+ 36. Qxh2 Rxh2+ 37. Kg6 Bd4 38. Re1 Kf8 39. Bb5 Rh6+ 40.
Kxh6 Bg7+ 41. Kg6 Kg8 42. Re8+ Bf8 43. Rc8 c4 1-0

[Event "III Open"]
[Site "Crema ITA"]
[Date "2001.09.08"]
[Round "4"]
[White "Valsecchi, Luca"]
[Black "Santandrea, Marco"]
[Result "1/2-1/2"]
[WhiteElo "1449"]
[BlackElo "1555"]
[PlyCount "49"]
[EventDate "2001.09.07"]

1. d4 f5 2. Nf3 Nf6 3. g3 g6 4. Bg2 Bg7 5. O-O d6 6. Nbd2 O-O 7. Re1 c6 8. e4
fxe4 9. Nxe4 Nxe4 10. Rxe4 Bf5 11. Re1 Qc7 12. Bg5 e5 13. dxe5 dxe5 14. c3 Bg4
15. Qb3+ Kh8 16. Nd2 Qf7 17. Qxf7 Rxf7 18. Ne4 h6 19. Be3 Na6 20. h3 Be6 21.
Nd6 Rd7 22. Ne4 b6 23. Rad1 Rad8 24. Rxd7 Rxd7 25. Nd2 1/2-1/2

[Event "III Open"]
[Site "Crema ITA"]
[Date "2001.09.08"]
[Round "4"]
[White "Volpati, Antonio"]
[Black "Malfagia, Andrea"]
[Result "0-1"]
[WhiteElo "1419"]
[BlackElo "2259"]
[PlyCount "82"]
[EventDate "2001.09.07"]

1. e4 d5 2. exd5 Qxd5 3. Nc3 Qa5 4. d4 Nf6 5. Bd2 c6 6. h3 Bf5 7. Nf3 e6 8. Ne4
Qb6 9. Nxf6+ gxf6 10. b3 Nd7 11. c4 O-O-O 12. Nh4 Be4 13. Bc3 c5 14. Qd2 cxd4
15. Ba5 Bh6 16. Bxb6 Bxd2+ 17. Kxd2 axb6 18. Be2 Rhg8 19. Rhg1 Rg7 20. Bf3 f5
21. Bxe4 fxe4 22. Rae1 f5 23. g4 Rdg8 24. f3 Ne5 25. fxe4 fxg4 26. hxg4 Rxg4
27. Rxg4 Rxg4 28. Rh1 Rxh4 29. Rxh4 Nf3+ 30. Kd3 Nxh4 31. Kxd4 h5 32. Ke5 Ng6+
33. Kd4 h4 34. Ke3 Kc7 35. b4 Kd6 36. a4 Ne5 37. Kf4 Kc6 38. Ke3 Nxc4+ 39. Kf4
Ne5 40. Ke3 Ng6 41. Kf3 Kd6 0-1

[Event "III Open"]
[Site "Crema ITA"]
[Date "2001.09.09"]
[Round "5"]
[White "Ausmins, Elmar"]
[Black "Drei, Andrea"]
[Result "1-0"]
[WhiteElo "2345"]
[BlackElo "2269"]
[PlyCount "71"]
[EventDate "2001.09.07"]

1. d4 Nf6 2. c4 e6 3. Nf3 b6 4. a3 Ba6 5. Qc2 c5 6. d5 exd5 7. cxd5 g6 8. Nc3
Bg7 9. e4 Bxf1 10. Kxf1 d6 11. Bf4 O-O 12. h3 Na6 13. g4 Nc7 14. a4 Na6 15. Kg2
Nb4 16. Qd2 Re8 17. Rhe1 Qd7 18. Rad1 a6 19. Re2 b5 20. axb5 axb5 21. Bg3 Na2
22. Nxa2 Rxa2 23. Qf4 Qc8 24. Qxd6 Nxe4 25. Qc6 Qxc6 26. dxc6 Raa8 27. c7 Rac8
28. Ng5 f5 29. gxf5 gxf5 30. f3 Bf6 31. fxe4 Bxg5 32. Rd5 Be7 33. exf5 b4 34.
b3 Kf8 35. Kf3 Kf7 36. Red2 1-0

[Event "III Open"]
[Site "Crema ITA"]
[Date "2001.09.09"]
[Round "5"]
[White "Biava, Pierluigi"]
[Black "Righini, Giovanni"]
[Result "0-1"]
[WhiteElo "1525"]
[BlackElo "1761"]
[PlyCount "86"]
[EventDate "2001.09.07"]

1. e4 e6 2. Qe2 c5 3. g3 Nc6 4. c3 Be7 5. Bg2 Qc7 6. d3 Nf6 7. Nh3 O-O 8. O-O
d5 9. f4 c4 10. e5 cxd3 11. Qxd3 Bc5+ 12. Kh1 Ne4 13. Nd2 Nxd2 14. Bxd2 b6 15.
Ng5 g6 16. Nf3 a5 17. Rfc1 Ba6 18. Qc2 Rfc8 19. b4 Bf8 20. a4 Bc4 21. b5 Ne7
22. Nd4 Nf5 23. Nc6 Bc5 24. Re1 Qd7 25. Bf3 Ne7 26. Nxe7+ Bxe7 27. Be3 Bc5 28.
Bd4 Bxd4 29. cxd4 Bxb5 30. Qg2 Bxa4 31. g4 Rc2 32. Qg3 Rac8 33. Bd1 R2c4 34. f5
Rxd4 35. Bxa4 Rxa4 36. Rxa4 Qxa4 37. f6 Qb4 38. Qe3 Qe4+ 39. Qxe4 dxe4 40. Rxe4
h6 41. Kg2 b5 42. Kf3 b4 43. Rd4 b3 0-1

[Event "III Open"]
[Site "Crema ITA"]
[Date "2001.09.09"]
[Round "5"]
[White "Bonazzi, Edoardo"]
[Black "Montani, Francesco"]
[Result "1-0"]
[WhiteElo "2108"]
[BlackElo "2167"]
[PlyCount "81"]
[EventDate "2001.09.07"]

1. c4 f5 2. g3 Nf6 3. Bg2 g6 4. Nc3 Bg7 5. d3 e5 6. e4 d6 7. Nge2 O-O 8. O-O
Nc6 9. h3 Be6 10. Nd5 Qd7 11. Kh2 Nd8 12. Be3 c6 13. Nxf6+ Bxf6 14. Rc1 d5 15.
f4 fxe4 16. dxe4 dxc4 17. Qxd7 Bxd7 18. Rcd1 Be6 19. f5 gxf5 20. exf5 Bc8 21.
Nc3 Nf7 22. Ne4 Be7 23. Rf2 Rd8 24. Rxd8+ Bxd8 25. g4 h6 26. Rc2 b5 27. Nc5 Bb6
28. Bxc6 Rb8 29. b3 Kg7 30. bxc4 b4 31. Kg2 Bxc5 32. Bxc5 Bb7 33. Bxb7 Rxb7 34.
Be3 a5 35. c5 Nd8 36. Kf3 a4 37. Ke4 b3 38. axb3 axb3 39. Rb2 Nc6 40. Kd5 Na5
41. c6 1-0

[Event "III Open"]
[Site "Crema ITA"]
[Date "2001.09.09"]
[Round "5"]
[White "Brioschi, Camillo"]
[Black "Schingaro, Angelo"]
[Result "1/2-1/2"]
[WhiteElo "1807"]
[BlackElo "1573"]
[PlyCount "65"]
[EventDate "2001.09.07"]

1. Nf3 Nf6 2. c4 g6 3. d4 c5 4. d5 d6 5. Nc3 e6 6. e4 exd5 7. cxd5 Bg7 8. Bb5+
Nbd7 9. a4 a6 10. Be2 O-O 11. O-O Re8 12. Nd2 Rb8 13. a5 Qe7 14. f4 b5 15. axb6
Nxb6 16. Bd3 Nbxd5 17. Nxd5 Nxd5 18. exd5 Qe3+ 19. Kh1 Qxd3 20. Nf3 Qxd1 21.
Rxd1 Bg4 22. Rxa6 Rbd8 23. Kg1 Bxf3 24. gxf3 Re2 25. Rb6 Bd4+ 26. Kh1 Rf2 27.
f5 Rxf3 28. Bg5 f6 29. Bh4 Rxf5 30. Rb7 Rxd5 31. Bxf6 Rf8 32. Rg7+ Kh8 33. Rf7+
1/2-1/2

[Event "III Open"]
[Site "Crema ITA"]
[Date "2001.09.09"]
[Round "5"]
[White "Brunello, Sabino"]
[Black "Capata, Ion"]
[Result "1/2-1/2"]
[WhiteElo "1600"]
[BlackElo "1948"]
[PlyCount "134"]
[EventDate "2001.09.07"]

1. e4 e5 2. Nf3 Nc6 3. d4 exd4 4. Nxd4 Bc5 5. Be3 Nxd4 6. Bxd4 Bxd4 7. Qxd4 Nf6
8. Bc4 d6 9. Nc3 O-O 10. O-O Bd7 11. Rad1 Qe7 12. Nd5 Nxd5 13. Bxd5 Bc8 14.
Rfe1 Qe5 15. Qxe5 dxe5 16. Rd2 c6 17. Bc4 Re8 18. Red1 Be6 19. Bxe6 Rxe6 20.
Rd7 b6 21. Rb7 Ree8 22. Rdd7 Red8 23. Rxa7 h6 24. a3 Rxd7 25. Rxd7 Kf8 26. Kf1
Ra5 27. Ke2 Ke8 28. Rb7 Ra4 29. f3 b5 30. c3 g6 31. Kd3 Ra8 32. Rc7 Rd8+ 33.
Kc2 Rd6 34. b3 f5 35. a4 fxe4 36. fxe4 bxa4 37. bxa4 Rf6 38. a5 Kd8 39. Rh7 Kc8
40. Rxh6 Rf2+ 41. Kd3 Rxg2 42. Kc4 Re2 43. Rxg6 Rxe4+ 44. Kc5 Rh4 45. Rxc6+ Kb7
46. Re6 e4 47. Kd4 Rxh2 48. Kxe4 Ra2 49. Re5 Ka6 50. c4 Rd2 51. Rd5 Ra2 52. Kd4
Rb2 53. Ke5 Rb4 54. Rc5 Rb8 55. Kd6 Rb4 56. Kc6 Rb8 57. Rb5 Rc8+ 58. Kd5 Rd8+
59. Kc5 Rc8+ 60. Kb4 Rc7 61. Rb6+ Ka7 62. Kb5 Rg7 63. a6 Rg5+ 64. c5 Rg1 65.
Rb7+ Ka8 66. Kb6 Rg6+ 67. Kc7 Rc6+ 1/2-1/2

[Event "III Open"]
[Site "Crema ITA"]
[Date "2001.09.09"]
[Round "5"]
[White "Cappa, Enrico"]
[Black "Bellani, Alessandro"]
[Result "0-1"]
[WhiteElo "1470"]
[BlackElo "1684"]
[PlyCount "40"]
[EventDate "2001.09.07"]

1. e4 c5 2. Nf3 d6 3. Bb5+ Nd7 4. O-O Ngf6 5. Re1 g6 6. d4 cxd4 7. Nxd4 Bg7 8.
Nc3 O-O 9. Bg5 Nc5 10. Qd2 Qb6 11. b3 Ne6 12. Nxe6 fxe6 13. Rad1 Ng4 14. Re3
Bxc3 15. Qxc3 Nxe3 16. Bh6 Rf7 17. fxe3 Qxb5 18. Qd2 Bd7 19. c4 Qh5 20. Bf4 Bc6
0-1

[Event "III Open"]
[Site "Crema ITA"]
[Date "2001.09.09"]
[Round "5"]
[White "Gualazzi, Paolo"]
[Black "Riva, Carlo"]
[Result "1/2-1/2"]
[WhiteElo "1564"]
[BlackElo "1498"]
[PlyCount "150"]
[EventDate "2001.09.07"]

1. e4 c5 2. Nc3 Nc6 3. Nf3 d6 4. d3 Nf6 5. h3 g6 6. g3 Bg7 7. Bg2 O-O 8. Bd2 a6
9. a4 Bd7 10. Qc1 Re8 11. O-O Rb8 12. Ng5 b5 13. axb5 axb5 14. Qb1 b4 15. Ne2
Qc8 16. Kh2 Ra8 17. f4 Rxa1 18. Qxa1 h6 19. Nf3 Qa8 20. Qc1 Kh7 21. Nh4 e5 22.
Nf3 exf4 23. gxf4 Qb8 24. Ng3 Qa7 25. f5 g5 26. Qd1 Qb8 27. Kh1 Qa7 28. Ne1 Rf8
29. Nh5 Nxh5 30. Qxh5 f6 31. h4 Be8 32. Qg4 Ne5 33. Qh3 g4 34. Qg3 Qf7 35. Rg1
h5 36. Bf1 Rg8 37. Ng2 Nf3 38. Bc1 Nxg1 39. Kxg1 Qe7 40. b3 Qe5 41. Bf4 Qd4+
42. Be3 Qc3 43. Qxd6 Qxc2 44. Qe7 Qxb3 45. Bxc5 Qf7 46. Qxf7 Bxf7 47. Bxb4 Rd8
48. Kf2 Bf8 49. Bxf8 Rxf8 50. Kg3 Rd8 51. Kf4 Kh6 52. Ke3 Bb3 53. d4 Bc2 54.
Bd3 Bxd3 55. Kxd3 Kg7 56. Nf4 Kf7 57. Nxh5 Rh8 58. Ng3 Rxh4 59. Ke3 Rh8 60. Kf4
Rg8 61. e5 fxe5+ 62. dxe5 Ke7 63. f6+ Ke6 64. Nh5 Kf7 65. Ng7 Rh8 66. Kxg4 Rh1
67. Nh5 Ke6 68. Ng3 Re1 69. Kf4 Ra1 70. Nh5 Ra4+ 71. Kg5 Kxe5 72. f7 Ra8 73.
Ng7 Rf8 74. Kg6 Rh8 75. Nf5 Rf8 1/2-1/2

[Event "III Open"]
[Site "Crema ITA"]
[Date "2001.09.09"]
[Round "5"]
[White "Libutti, Michele"]
[Black "Sartorio, Diego"]
[Result "1/2-1/2"]
[WhiteElo "1618"]
[BlackElo "1721"]
[PlyCount "30"]
[EventDate "2001.09.07"]

1. d4 d5 2. c4 e6 3. Nc3 c6 4. Nf3 dxc4 5. a4 Bb4 6. e3 b5 7. Ne5 Nf6 8. Be2
Bb7 9. Bf3 Qc7 10. O-O a6 11. e4 Bd6 12. Bf4 Nbd7 13. Nxd7 Bxf4 14. Nxf6+ gxf6
15. g3 Bd6 1/2-1/2

[Event "III Open"]
[Site "Crema ITA"]
[Date "2001.09.09"]
[Round "5"]
[White "Malfagia, Andrea"]
[Black "Festa, Samuele"]
[Result "1-0"]
[WhiteElo "2259"]
[BlackElo "1642"]
[PlyCount "69"]
[EventDate "2001.09.07"]

1. e4 c6 2. d4 d5 3. e5 Bf5 4. Nc3 e6 5. g4 Bg6 6. Nge2 c5 7. Be3 Nc6 8. dxc5
Nxe5 9. Nd4 Nc6 10. Nb3 Nf6 11. Bg2 Be7 12. O-O O-O 13. f4 h5 14. h3 Qd7 15.
Qe2 hxg4 16. hxg4 Rfd8 17. Rad1 a6 18. f5 exf5 19. Nxd5 Nxd5 20. gxf5 Bxf5 21.
Rxd5 Bg4 22. Rxd7 Bxe2 23. Bxc6 Rxd7 24. Bxd7 Bxf1 25. Kxf1 Rd8 26. Bg4 f5 27.
Bf3 f4 28. Bf2 Rd7 29. Na5 Rd2 30. Nxb7 Bxc5 31. Nxc5 Rxc2 32. b4 Kf8 33. a4
Ke7 34. Nxa6 Kd7 35. b5 1-0

[Event "III Open"]
[Site "Crema ITA"]
[Date "2001.09.09"]
[Round "5"]
[White "Massa, Salvenrico"]
[Black "Valsecchi, Luca"]
[Result "1-0"]
[WhiteElo "1840"]
[BlackElo "1449"]
[PlyCount "111"]
[EventDate "2001.09.07"]

1. d4 d5 2. Nd2 Nf6 3. Ngf3 Bf5 4. e3 e6 5. h3 c5 6. Nh4 cxd4 7. Nxf5 exf5 8.
exd4 Nc6 9. c3 Bd6 10. Bd3 Qe7+ 11. Be2 O-O 12. O-O Rfe8 13. Bd3 Qd7 14. Nf3 h6
15. Bd2 Re6 16. Bxf5 Rae8 17. Bxe6 Rxe6 18. Re1 Ne4 19. Nh4 Qe7 20. Rxe4 Rxe4
21. Nf5 Qf6 22. Nxd6 Qxd6 23. Qf3 Qe6 24. Be3 Ne7 25. g4 Ng6 26. Qf5 Qxf5 27.
gxf5 Nh4 28. f6 Nf5 29. Re1 gxf6 30. Kh2 Nxe3 31. fxe3 Kf8 32. Kg3 f5 33. Kf2
Rh4 34. Rh1 f4 35. exf4 Rxf4+ 36. Ke3 Re4+ 37. Kd3 f5 38. Rf1 f4 39. Rf3 Ke7
40. a4 Ke6 41. b3 Kf5 42. c4 dxc4+ 43. bxc4 Re8 44. Rf2 Re3+ 45. Kd2 Rxh3 46.
Re2 f3 47. Re7 Kf4 48. d5 Rh2+ 49. Kd3 Kg3 50. Rg7+ Kf2 51. Rxb7 Rh1 52. Ke4
Ke2 53. Rb2+ Kf1 54. Rb1+ Kg2 55. Rxh1 f2 56. Ke3 1-0

[Event "III Open"]
[Site "Crema ITA"]
[Date "2001.09.09"]
[Round "5"]
[White "Miatello, Alberto"]
[Black "Giretti Kanev, Jasen"]
[Result "0-1"]
[WhiteElo "1845"]
[BlackElo "2178"]
[PlyCount "62"]
[EventDate "2001.09.07"]

1. e4 c5 2. Nf3 e6 3. d4 cxd4 4. Nxd4 a6 5. Bd3 Nc6 6. Nxc6 bxc6 7. O-O Bc5 8.
c4 Qf6 9. Nc3 e5 10. Qe2 d6 11. Kh1 Nh6 12. f4 Qh4 13. g3 Qh3 14. f5 Ng4 15.
Nd1 h5 16. Ne3 Bxe3 17. Bxe3 h4 18. gxh4 Qxe3 19. Qxg4 Qxd3 20. Qxg7 Qxe4+ 21.
Kg1 Qxh4 22. Rf2 Qh7 23. Qf6 Qh6 24. Qxh6 Rxh6 25. Rd1 Rf6 26. h4 Bxf5 27. Rdf1
Rg6+ 28. Kh2 Bd3 29. Rc1 Ke7 30. Rc3 e4 31. Rf4 Rag8 0-1

[Event "III Open"]
[Site "Crema ITA"]
[Date "2001.09.09"]
[Round "5"]
[White "Mussap, Angelo"]
[Black "Acunzo, Domenico"]
[Result "1-0"]
[WhiteElo "1825"]
[BlackElo "1773"]
[PlyCount "81"]
[EventDate "2001.09.07"]

1. e4 e6 2. d4 d5 3. e5 c5 4. c3 Nc6 5. f4 Bd7 6. Nf3 Qb6 7. Be2 h6 8. O-O cxd4
9. cxd4 Nxd4 10. Nxd4 Bc5 11. Nd2 Bxd4+ 12. Kh1 Ne7 13. Nb3 Be3 14. Bxe3 Qxe3
15. Nd4 Qe4 16. Qd2 Nf5 17. Nxf5 Qxf5 18. Bd3 Qh5 19. Qb4 Bc6 20. Rac1 Qh4 21.
Bb5 Rc8 22. Rc3 Qe7 23. Qa4 Qd7 24. Rfc1 O-O 25. Bxc6 bxc6 26. Qa6 d4 27. Qd3
Rfd8 28. Rc5 Qb7 29. b3 Rd5 30. Kg1 Qb6 31. R5c4 a5 32. Kf1 Qb5 33. Rd1 c5 34.
Kg1 Rb8 35. Qc2 Rbd8 36. Rd3 f6 37. exf6 gxf6 38. Rg3+ Kh8 39. Qg6 Qd7 40.
Qxf6+ Kh7 41. Qg6+ 1-0

[Event "III Open"]
[Site "Crema ITA"]
[Date "2001.09.09"]
[Round "5"]
[White "Pagnoncelli, Marco"]
[Black "Bonade', Massimo"]
[Result "1-0"]
[WhiteElo "2064"]
[BlackElo "1798"]
[PlyCount "119"]
[EventDate "2001.09.07"]

1. e4 c5 2. Nf3 d6 3. d4 cxd4 4. Nxd4 Nf6 5. Nc3 a6 6. Bg5 e6 7. f4 Be7 8. Qf3
Qc7 9. O-O-O Nc6 10. g4 Nxd4 11. Rxd4 b5 12. Bg2 Bb7 13. Rhd1 Rc8 14. a3 a5 15.
Qe2 Ba6 16. Nxb5 Qc5 17. a4 e5 18. R4d2 O-O 19. f5 Qb4 20. Kb1 Qxa4 21. Bf1 Rb8
22. c4 Bxb5 23. cxb5 Rfc8 24. Bxf6 gxf6 25. Rc2 Qb4 26. Rdc1 Rc5 27. Rc4 Rxc4
28. Qxc4 Qxc4 29. Rxc4 Kg7 30. Rc7 Kf8 31. Bc4 d5 32. exd5 Rb6 33. Rc8+ Kg7 34.
Rc6 Rxc6 35. bxc6 Bd6 36. Kc2 Kf8 37. Kb3 Ke7 38. Ka4 Bc7 39. Kb5 Kd6 40. Bb3
Bd8 41. Kc4 Bc7 42. Bc2 Bb6 43. Be4 Bc7 44. Kb5 Bd8 45. Ka6 Bc7 46. Kb7 Bd8 47.
Kc8 Bb6 48. g5 fxg5 49. f6 h5 50. Bg6 Kxd5 51. Kd7 e4 52. Bxf7+ Ke5 53. Bxh5
Kxf6 54. c7 Bxc7 55. Kxc7 Ke5 56. Kb6 Kd4 57. Kxa5 Ke3 58. b4 Kf2 59. b5 e3 60.
b6 1-0

[Event "III Open"]
[Site "Crema ITA"]
[Date "2001.09.09"]
[Round "5"]
[White "Petrini, Roberto"]
[Black "Leoni, Fabrizio"]
[Result "1/2-1/2"]
[WhiteElo "1828"]
[BlackElo "2097"]
[PlyCount "50"]
[EventDate "2001.09.07"]

1. e4 c6 2. d4 d5 3. e5 Bf5 4. Nc3 e6 5. g4 Bg6 6. Nge2 h6 7. Nf4 Bh7 8. Bd3
Bxd3 9. Qxd3 Nd7 10. Be3 Qe7 11. O-O-O O-O-O 12. Kb1 Nb6 13. Nh5 Qc7 14. f4 Nc4
15. Bc1 g6 16. Ng3 c5 17. f5 cxd4 18. Nb5 Qb6 19. Nxd4 Nxe5 20. Qc3+ Nc4 21.
fxe6 fxe6 22. Nxe6 Bb4 23. Qxh8 Na3+ 24. Ka1 Nxc2+ 25. Kb1 Na3+ 1/2-1/2

[Event "III Open"]
[Site "Crema ITA"]
[Date "2001.09.09"]
[Round "5"]
[White "Poletti, Fausto"]
[Black "Manzoni, Alessandro"]
[Result "1/2-1/2"]
[WhiteElo "1797"]
[BlackElo "2053"]
[PlyCount "43"]
[EventDate "2001.09.07"]

1. c4 c6 2. d4 d5 3. e3 Nf6 4. Nc3 e6 5. Nf3 Nbd7 6. Be2 Bd6 7. O-O O-O 8. a3
Ne4 9. Qc2 f5 10. b4 Rf6 11. Bb2 Rh6 12. g3 g5 13. Nxe4 dxe4 14. Ne5 g4 15.
Nxd7 Bxd7 16. Rad1 Qg5 17. Kg2 Rf8 18. Rh1 Qh5 19. Kg1 Qf7 20. Qd2 Be7 21. Bf1
Bf6 22. h4 1/2-1/2

[Event "III Open"]
[Site "Crema ITA"]
[Date "2001.09.09"]
[Round "5"]
[White "Saccani, Ettore"]
[Black "Pinotti, Claudio"]
[Result "0-1"]
[WhiteElo "1540"]
[BlackElo "1810"]
[PlyCount "54"]
[EventDate "2001.09.07"]

1. e4 d6 2. d4 Nf6 3. Nc3 Nbd7 4. Bc4 e5 5. Nf3 h6 6. dxe5 dxe5 7. O-O Bd6 8.
Qe2 Nb6 9. Bb3 c6 10. Rd1 Qc7 11. Be3 Bg4 12. Bxb6 axb6 13. h3 Bh5 14. Rd3 g5
15. Rad1 O-O-O 16. g4 Bg6 17. Na4 Nxe4 18. Bxf7 Qxf7 19. Rxd6 Nxd6 20. Rxd6
Rxd6 21. Qxe5 Rhd8 22. Nxb6+ Kc7 23. Qa5 Qxf3 24. Nd5+ Kd7 25. Qc7+ Ke6 26. Nc3
Rf8 27. Qb6 Be4 0-1

[Event "III Open"]
[Site "Crema ITA"]
[Date "2001.09.09"]
[Round "5"]
[White "Santandrea, Marco"]
[Black "Di Giovanni, Isidoro"]
[Result "0-1"]
[WhiteElo "1555"]
[BlackElo "1540"]
[PlyCount "102"]
[EventDate "2001.09.07"]

1. e4 g6 2. d4 d6 3. Nf3 Bg7 4. h3 Nd7 5. Be3 a6 6. a4 b6 7. Nc3 Bb7 8. Bd3
Ngf6 9. O-O O-O 10. Qd2 c5 11. d5 e6 12. dxe6 fxe6 13. Ng5 Re8 14. f4 d5 15.
exd5 exd5 16. Bf2 h6 17. Nf3 Ne4 18. Nxe4 dxe4 19. Bc4+ Kh7 20. Nh4 Bxb2 21.
Rad1 Bc6 22. Bf7 e3 23. Bxg6+ Kg7 24. Bxe3 Qxh4 25. Bxe8 Rxe8 26. c3 Qg3 27.
Rde1 Nf6 28. f5 Kf7 29. Qxb2 Rxe3 30. Rxe3 Qxe3+ 31. Kh2 Qe4 32. Rf2 Qe5+ 33.
Kg1 Nd5 34. c4 Qxb2 35. Rxb2 Nb4 36. g4 Bxa4 37. Rd2 Bc6 38. Rd6 a5 39. h4 a4
40. Rxh6 a3 41. Rh7+ Kf6 42. Ra7 a2 43. Kf2 Be4 44. Ke3 Bb1 45. Kd2 Nc2 46. Kc1
Ne3 47. Ra6 Nxc4 48. h5 Kg5 49. Ra7 Ne5 50. Kb2 Nxg4 51. Rg7+ Kxh5 0-1

[Event "III Open"]
[Site "Crema ITA"]
[Date "2001.09.09"]
[Round "5"]
[White "Tencati, Giuseppe"]
[Black "Masotti, Roberto"]
[Result "1-0"]
[WhiteElo "2099"]
[BlackElo "1639"]
[PlyCount "92"]
[EventDate "2001.09.07"]

1. d4 d5 2. c4 c6 3. Nf3 Nf6 4. Nc3 e6 5. e3 Nbd7 6. Bd3 dxc4 7. Bxc4 b5 8. Bd3
Bb7 9. e4 b4 10. Na4 Be7 11. O-O O-O 12. Re1 c5 13. e5 Nd5 14. Qe2 cxd4 15.
Nxd4 Nc5 16. Nxc5 Bxc5 17. Nb3 Be7 18. Qe4 g6 19. Bh6 Qb6 20. Bxf8 Rxf8 21. Qd4
Qxd4 22. Nxd4 Bc5 23. Nb3 Bb6 24. Be4 a5 25. Rac1 Ba6 26. Rc6 Rb8 27. g3 Bb5
28. Rc2 a4 29. Bxd5 exd5 30. Nd2 b3 31. axb3 axb3 32. Rcc1 Ba5 33. Rcd1 Bd3 34.
Ra1 Bxd2 35. Red1 Bc3 36. Rxd3 Bxb2 37. Rb1 Bxe5 38. Rbxb3 Rxb3 39. Rxb3 f6 40.
Rb7 h5 41. Rd7 Kf8 42. Rxd5 Ke7 43. Kg2 Ke6 44. Ra5 f5 45. Ra6+ Bd6 46. h4 Kd5
1-0

[Event "III Open"]
[Site "Crema ITA"]
[Date "2001.09.09"]
[Round "6"]
[White "Ausmins, Elmar"]
[Black "Ceresoli, Luigi"]
[Result "1-0"]
[WhiteElo "2345"]
[BlackElo "2176"]
[PlyCount "121"]
[EventDate "2001.09.07"]

1. d4 Nf6 2. c4 e6 3. Nf3 b6 4. a3 Bb7 5. Nc3 Ne4 6. Nxe4 Bxe4 7. Nd2 Bb7 8. e4
Be7 9. Bd3 d6 10. O-O Bf6 11. Nf3 e5 12. d5 a5 13. b3 Nd7 14. Be3 O-O 15. b4
Qe7 16. Qc2 axb4 17. axb4 Rfc8 18. Qc3 Qf8 19. Nd2 c6 20. Qb3 Rxa1 21. Rxa1 Ra8
22. Ra3 Rxa3 23. Qxa3 Qa8 24. Qxa8+ Bxa8 25. Bc2 c5 26. Ba4 Nb8 27. Bb5 Bb7 28.
bxc5 bxc5 29. f4 Kf8 30. Nf3 Na6 31. fxe5 Bxe5 32. Nxe5 dxe5 33. Kf2 Ke7 34.
Ke2 Kd6 35. Kd3 Nc7 36. Ba4 Bc8 37. Kc3 Bg4 38. Bc2 Na8 39. Bd3 Nb6 40. h3 Bc8
41. Kb3 Ba6 42. Bd2 f5 43. exf5 Nxd5 44. g4 h6 45. h4 Nf4 46. Be4 Ne2 47. Bd5
Bc8 48. h5 Nd4+ 49. Kc3 Ke7 50. Kd3 Kf6 51. Be4 Bd7 52. Bd5 Ba4 53. Ba5 Kg5 54.
Ke4 Kxg4 55. Bb6 Bc2+ 56. Kxe5 Nb3 57. Be6 Kxh5 58. Kf4 Bd3 59. Bd8 Nd2 60.
Bf7+ g6 61. Bxg6# 1-0